02212nam a2200205Ia 45000010005000000080041000050100009000460410014000550820023000692450206000922600013002983000008003115200007003196300025003266300032003516500018003837000031004017000030004325201544004623534241029s9999 xx 000 0 und d a3312 aEspañol aMA-ES 0032 FH 2005 0aConocimiento sobre la sexualidad y el embarazo que manejan las adolescentes embarazadas que asisten al Instituto Profesional de Educación Especial y Psicoterapia de la ciudad de Santiago. Año 2004. aSantiago a127 a33 aEducación Especial aEmbarazo en la Adolescencia aOrientación easesoraÁvila, Casilda eautoraNúñez, Teodora aLa presente investigación ha sido realizada en el Instituto Profesional de Educación Especial y Psicoterapia de la Ciudad de Santiago de los Caballeros. Dicha Institución trabaja desde el año 1989 con jóvenes adolescentes en la prevención de infecciones de transmisión sexual, apoyo emocional durante el embarazo y programas generales de salud sexual. En tal caso es de vital importación el nivel de conocimiento que manejan las adolescentes que asisten al Centro acerca de la sexualidad y el embarazo.Entre los principales hallazgos de esta investigación se encontró que el 100% de las encuestadas tienen conocimientos de las partes que forman parte del aparato reproductor femenino. En tanto, un 57% un porcentaje bastante significativo, mostró desconocimiento acerca del proceso de fecundación, mientras las medidas de prevención utilizadas por las adolescentes son variadas, teniendo un porcentaje mayor que el 52% el uso del condón. Con relación al riesgo de embarazo un 72% dice no estar contentas con su estado.Dentro de las consecuencias del embarazo en las adolescentes se destaca el riesgo de salud, la vida misma, tanto para la madre, como para la criatura o ambos.En base a estas informaciones, se recomienda ofrecer charlas como talleres, seminarios, etc., donde se involucren todos los elementos que puedan intervenir en la educación de las adolescentes.Nota: Esta investigación se encuentra en el Centro Universitario Regional de Santiago, CURSA.  Signatura Topográfica CURSA -T- 000303